000 00496nam a2200181Ia 4500
999 _c27042
_d27042
003 OSt
005 20201216152239.0
008 190216s9999||||xx |||||||||||||| ||und||
020 _a817180333
040 _coclc
082 _a894.812
_bBAL/S
100 _aBalram, N E
_96794
245 0 _aSoundaryotsavam /
_cN E Balram
260 _bPoorna Publication,
_c1993.
_aKozhikode:
300 _a139p
650 _aPadanam
942 _cBK
_2ddc
_h894.812
_iBAL/S
_k894.812
_mBAL/S